Victorian and edwardian furniture and interiors : from the gothic revival to art nouveau

Bibliographic Details
Main Author: Cooper, Jeremy
Format: Book
Published: London : Thames and Hudson , 1998
Subjects:

MARC

LEADER 00000cam a2200000 7i4500
001 0000036621
002 000039648
005 20000331.0
020 |a 0500280223 
090 0 0 |a 747.2   |b COO 
100 1 |a Cooper, Jeremy 
245 1 0 |a Victorian and edwardian furniture and interiors :   |b from the gothic revival to art nouveau   |c Jeremy Cooper 
260 |a London :   |b Thames and Hudson ,   |c 1998 
300 |a 250p. ;   |c 32cm. 
650 0 0 |a Furniture design 
999 |a 084667   |b BUKU   |c PINJAMAN   |e PERPUSTAKAAN KOMUNITI PETALING JAYA